LEADER 00936nam0-22003011i-450- 001 990003061490403321 035 $a000306149 035 $aFED01000306149 035 $a(Aleph)000306149FED01 035 $a000306149 100 $a20000920d--------km-y0itay50------ba 101 0 $aita 102 $aIT 200 1 $aEconomic Trends and Macroeconomic Policies in Post-Revolutionary Iran$fM. Hashem Pesaran 225 1 $aDAE Working Paper$fDepartment of Applied Economics, University of Cambridge Serie azzurra$v9818 610 0 $aIran 610 0 $aMacroeconomia$aPolitica economica 676 $aF/1.312 676 $aN/1.4 702 1$aPesaran,$bMohammad Hashem$f<1946- > 801 0$aIT$bUNINA$gRICA$2UNIMARC 901 $aBK 912 $a990003061490403321 952 $aPaper$fSES 959 $aSES 996 $aEconomic Trends and Macroeconomic Policies in Post-Revolutionary Iran$9465543 997 $aUNINA DB $aING01 LEADER 01277nam--2200433---450- 001 990000627290203316 005 20050211104516.0 010 $a88-15-02067-5 035 $a0062729 035 $aUSA010062729 035 $a(ALEPH)000062729USA01 035 $a0062729 100 $a20010913d1989----km-y0itay0103----ba 101 $aita 102 $aIT 105 $a||||||||001yy 200 1 $a<> maghi ignari$eThomas e Hinrich Mann$fJoachim Fest$g[traduzione di Marina Bistolfi] 210 $aBologna$cIl mulino$d1989 215 $a101 p.$d22 cm 225 2 $aIntersezioni$v20 312 $aDie unwissenden Magier 410 $12001$aIntersezioni$v20 454 $12001$aDie unwissenden Magier$932935 461 1$1001-------$12001 606 0 $aMann, Thomas 610 0 $aMann, Heinrich 676 $a833 700 1$aFEST,$bJoachim C.$0173339 801 0$aIT$bsalbc$gISBD 912 $a990000627290203316 951 $aVII.2.A. 176(VARIE COLL 862/60)$b98260 LM$cVARIE COLL 959 $aBK 969 $aUMA 979 $aPATTY$b90$c20010913$lUSA01$h1305 979 $c20020403$lUSA01$h1712 979 $aPATRY$b90$c20040406$lUSA01$h1643 979 $aCOPAT3$b90$c20050211$lUSA01$h1045 996 $aDie unwissenden Magier$932935 997 $aUNISA